000 00415nam a22001457a 4500
003 OSt
008 240827b |||||||| |||| 00| 0 eng d
020 _a9788121512671
082 _a620.05
_bKUG
100 _aKULKARNI, R P
245 _aGlimpses of Indian engineering and technology : ancient and medieval period
260 _aNew Delhi:
_bMunshiram Manoharlal Pub,
_c2018.
300 _axix,385p.
942 _2ddc
_cBK
999 _c12828
_d12828